01011nam a22003017a 4500003000900000005001700009007000300026008004100029020001800070040000700088041001300095082002400108100003400132245009700166250001700263264005500280264004400335300004500379336002700424337002800451338002800479500005400507500002300561504003900584650002400623650002400647700003800671CL-SaCFP20251030163841.0ta250701s2025 ag a b 000 0dspa  a9786316532763 cCL1 aspaheng04a745.2 N842 20252211 aNorman, Donald,d1935-eautor10aEl diseño de las cosas cotidianas /cDonald Norman; traducción de Esther Cruz Santaella. aMarzo, 2025. 1aBuenos Aires, Argentina :bEdiciones Godot,c2025. 3aSantiago, Chile :bA Impresores,c2025. a399 páginas :bilustraciones ;c23 cm. atextobtxt2rdacontent ano mediadobn2rdamedia avolumenbnc2rdacarrier aTítulo original: The design of everyday things. aRetrato del autor. aBibliografía: páginas 388-399. 7aDiseño industrial 7aIngeniería humana1 aCruz Santaella, Esteretraductora